000 00509nam a2200205Ia 4500
008 210210b2005 xxu||||| |||| 00| 0 eng d
020 _a8178883112
041 _aeng
082 _a591.6 RAVT
100 _aRAVINDRANATHAN (K R)
245 _aTextbook of economic zoology
260 _aNew Delhi
_bDominant Publishers and Distributors
_c2005
300 _aviii,415
650 _azoology
650 _aTextbook
650 _aof
650 _aeconomic
690 _aEconomic Zoology
906 _a062558
999 _c117665
_d117665